Statistics for Simple General Knowledge #3

Click here to take the quiz!

General Stats

  • This quiz has been taken 91 times
  • The average score is 17 of 20

Answer Stats

HintAnswer% Correct
Better late than when?Never
98%
If I have an eye-patch, a peg-leg, and a parrot on my shoulder, what am I?a Pirate
96%
What human organ is composed of atriums and ventricles?Heart
94%
What is the first U.S. state, alphabetically?Alabama
92%
What is an arachnophobe afraid of?Spiders (or other Arachnids)
92%
What did the Grinch try to steal?Christmas
90%
Vampires are averse to what common food product?Garlic
90%
Who is Barbie's boyfriend?Ken
90%
What city is famous for its leaning tower?Pisa
90%
In which U.S. State is Disney World located?Florida
88%
What will a pescetarian eat that a vegetarian will not?Fish
87%
What animals are elephants supposedly afraid of?Mice
86%
What silent film star wore the same style mustache as Adolf Hitler?Charlie Chaplin
82%
Who is Tarzan's wife?Jane
81%
What is the most popular reading system for the blind?Braille
81%
On which street would you find the New York Stock Exchange?Wall Street
80%
What video game series features an archaeologist named Lara Croft?Tomb Raider
77%
In the jungle, the mighty jungle, the lion does what?Sleeps Tonight
77%
In teen lingo, what does BFF stand for?Best Friends Forever
75%
Holstein and Angus are types of what?Cattle
70%

Score Distribution

Percentile by Number Answered

Percent of People with Each Score

Your Score History

You have not taken this quiz